000 00325nam a2200133Ia 4500
100 _aJuran/ J.M./ Gryna/F.M jr
942 _cBK
654 _aQuality Planning And Analysis
245 _aQuality planning and analysis
260 _bTata McGraw Hill
_aNew Delhi
_c1985
082 _a658.5
300 _a629
546 _aENGLISH
999 _c26352
_d26352